Information Technology Management (Record no. 14665)

MARC details
000 -LEADER
fixed length control field 00321nam a22001337a 4500
003 - CONTROL NUMBER IDENTIFIER
control field URS
005 - DATE AND TIME OF LATEST TRANSACTION
control field 20220114171740.0
008 - FIXED-LENGTH DATA ELEMENTS--GENERAL INFORMATION
fixed length control field 170531b xxu||||| |||| 00| 0 eng d
020 ## - INTERNATIONAL STANDARD BOOK NUMBER
International Standard Book Number 9789814314794
050 ## - LIBRARY OF CONGRESS CALL NUMBER
Classification number HD30.2
Item number R43
100 ## - MAIN ENTRY--PERSONAL NAME
Personal name Reynolds, George W.
245 ## - TITLE STATEMENT
Title Information Technology Management
942 ## - ADDED ENTRY ELEMENTS (KOHA)
Source of classification or shelving scheme Library of Congress Classification
Koha item type Foreign Books
Holdings
Withdrawn status Source of classification or shelving scheme Damaged status Not for loan Collection code Home library Current library Shelving location Date acquired Total Checkouts Full call number Barcode Date last seen Price effective from Koha item type
  Library of Congress Classification     Non-fiction Binangonan College Library Binangonan College Library Foreign Section 06/07/2023   HD30.2 R43 URSBIN-01263 05/31/2017 05/31/2017 Foreign Books
  Library of Congress Classification     Non-fiction Binangonan College Library Binangonan College Library Foreign Section 06/07/2023   HD30.2 R43 URSBIN-01260 05/31/2017 05/31/2017 Foreign Books
  Library of Congress Classification     Non-fiction Binangonan College Library Binangonan College Library Foreign Section 06/07/2023   HD30.2 R43 URSBIN-01264 05/31/2017 05/31/2017 Foreign Books
  Library of Congress Classification     Non-fiction Binangonan College Library Binangonan College Library Foreign Section 06/07/2023   HD30.2 R43 URSBIN-01261 05/31/2017 05/31/2017 Foreign Books

University of Rizal System
Email us at univlibservices@urs.edu.ph

Visit our Website www.urs.edu.ph/library